| 000 | 00770nam a2200217 i 4500 | ||
|---|---|---|---|
| 001 | 17705 | ||
| 003 | ES-MaACL | ||
| 005 | 20230906151639.0 | ||
| 007 | t| | ||
| 008 | 010504s1998 sp ||||1| spa d | ||
| 080 | _a821.134.2-34"19" | ||
| 100 | 1 |
_aFernández Arias, Emilio. _949475 |
|
| 245 | 1 | 3 |
_aEl hombre que se trajo a Extremadura una cubanita como llovida del cielo / _cEmilio Fernández Arias. La mecánica dolosa / Ramón Marín Martín. |
| 260 |
_aSegorbe : _bAyuntamiento : _bFundación Max Aub, _c[1998] |
||
| 300 |
_a25 p. : _bil. ; _c24 cm. |
||
| 700 | 1 |
_aMarín Martín, Ramón. _976798 |
|
| 710 | 2 |
_aFundación Max Aub. _94367 |
|
| 710 | 1 |
_aSegorbe. _bAyuntamiento. _96539 |
|
| 740 | 3 | _aLa mecánica dolosa. | |
| 852 |
_aES-MaACL _j2164-F-9 _bR.128555 |
||
| 999 |
_c17705 _d17705 |
||